[Event "Titled Tuesday intern op 02nd Apr Early"]
[Site "Chess.com INT"]
[Date "2024.04.02"]
[Round "1"]
[White "Sokac, Marko"]
[Black "Firouzja, Alireza"]
[Result "0-1"]
[WhiteElo "2265"]
[BlackElo "2760"]
[PlyCount "34"]
[EventDate "2024.04.02"]
[EventType "swiss (blitz)"]
[EventRounds "11"]
[EventCountry "USA"]
[SourceTitle "CB15_2024"]
[SourceDate "2024.04.10"]
[SourceVersion "1"]
[SourceVersionDate "2024.04.10"]
[SourceQuality "1"]

1. e4 c5 2. a3 Nc6 3. b4 e5 4. Nf3 cxb4 5. axb4 Bxb4 6. c3 Ba5 7. Bc4 Nf6 8. Qb3 0-0 9. Ng5 Qe7 10. Ba3 d6 11. d3 Bb6 12. Qc2 Nh5 13. Nf3 Nf4 14. g3 Nh3 15. Rf1 Qf6 16. Nbd2 Bg4 17. Qd1 Ng5 0-1

[Event "Titled Tuesday intern op 12th Mar Late"]
[Site "Chess.com INT"]
[Date "2024.03.12"]
[Round "1"]
[White "Sokac, Marko"]
[Black "Shimanov, Aleksandr"]
[Result "0-1"]
[WhiteElo "2265"]
[BlackElo "2578"]
[PlyCount "62"]
[EventDate "2024.03.12"]
[EventType "swiss (blitz)"]
[EventRounds "11"]
[EventCountry "USA"]
[SourceTitle "CB12_2024"]
[SourceDate "2023.10.01"]
[SourceVersion "1"]
[SourceVersionDate "2023.10.01"]
[SourceQuality "1"]

1. e4 b6 2. Nc3 Bb7 3. f4 e6 4. Nf3 d5 5. e5 d4 6. Ne2 Bxf3 7. gxf3 Nh6 8. Ng3 Be7 9. Bd3 g6 10. Be4 c6 11. Qe2 Qd7 12. b3 a5 13. a4 Na6 14. Bb2 Nf5 15. Qc4 Nb4 16. c3 dxc3 17. dxc3 Nd5 18. 0-0-0 Nfe3 19. Qd4 Nxd1 20. Rxd1 Qc7 21. c4 Nb4 22. Qe3 Rd8 23. Re1 Bc5 24. Qe2 Qe7 25. Bc3 0-0 26. Qg2 Kh8 27. h4 Qxh4 28. Rh1 Qxf4+ 29. Kb2 Bd4 30. Nh5 Bxc3+ 31. Ka3 Qxe5 0-1

[Event "EU-ch Rapid"]
[Site "Zagreb"]
[Date "2023.12.15"]
[Round "10"]
[White "Hjartarson, Johann"]
[Black "Sokac, Marko"]
[Result "1-0"]
[WhiteElo "2460"]
[BlackElo "2265"]
[PlyCount "70"]
[EventDate "2023.12.14"]
[EventType "swiss (rapid)"]
[EventRounds "11"]
[EventCountry "CRO"]
[SourceTitle "CB51_2023"]
[SourceDate "2023.12.20"]
[SourceVersion "1"]
[SourceVersionDate "2023.12.20"]
[SourceQuality "1"]

1. e4 d6 2. d4 Nf6 3. Nc3 c6 4. Nf3 Bg4 5. Be2 e6 6. 0-0 Be7 7. h3 Bh5 8. Be3 d5 9. e5 Nfd7 10. Ne1 Bg6 11. f4 c5 12. dxc5 Nc6 13. Nb5 Nxc5 14. Nf3 0-0 15. c3 Ne4 16. Bd3 a6 17. Nbd4 Rc8 18. a4 Na5 19. g4 Nc4 20. Bxc4 dxc4 21. f5 exf5 22. gxf5 Bh5 23. Qc2 Ng5 24. Nxg5 Bxg5 25. Qd2 Bh4 26. Qg2 Kh8 27. Qxb7 Rb8 28. Qg2 Qc7 29. Bf4 g5 30. Bh2 g4 31. hxg4 Rg8 32. e6 Qb7 33. exf7 Qxf7 34. Kh1 Rxg4 35. Qc6 Bf6 1-0

[Event "Titled Tuesday intern op 28th Mar Late"]
[Site "Chess.com INT"]
[Date "2023.03.28"]
[Round "1"]
[White "Eke, Salih"]
[Black "Sokac, Marko"]
[Result "0-1"]
[WhiteElo "2300"]
[BlackElo "2265"]
[PlyCount "66"]
[EventDate "2023.03.28"]
[EventType "swiss (blitz)"]
[EventRounds "11"]
[EventCountry "USA"]
[SourceTitle "EXT 2024"]
[Source "ChessBase"]
[SourceDate "2023.10.10"]
[SourceVersion "1"]
[SourceVersionDate "2023.10.10"]
[SourceQuality "1"]

1. d4 Nf6 2. c4 e5 3. dxe5 Ng4 4. Nf3 Bc5 5. e3 Nc6 6. Be2 0-0 7. Nc3 Re8 8. 0-0 Ncxe5 9. b3 a5 10. Bb2 Ra6 11. Nxe5 Nxe5 12. Ne4 Ba7 13. c5 Rh6 14. Qd4 Qh4 15. f4 Qxh2+ 16. Kf2 Qh4+ 17. Kg1 Qh2+ 18. Kf2 Rg6 19. Ng5 Qh4+ 20. Kg1 Ng4 21. Bxg4 Qxg4 22. Qd5 Rf8 23. Rf2 h6 24. Nf3 d6 25. Bd4 c6 26. Qe4 Re6 27. Qc2 dxc5 28. Ne5 Qh5 29. Bxc5 Bxc5 30. Qxc5 f6 31. Nd3 Qxc5 32. Nxc5 Rxe3 33. a3 b6 0-1

[Event "Titled Tuesday intern op 28th Mar Late"]
[Site "Chess.com INT"]
[Date "2023.03.28"]
[Round "4"]
[White "Pichot, Alan"]
[Black "Sokac, Marko"]
[Result "1-0"]
[WhiteElo "2638"]
[BlackElo "2265"]
[PlyCount "57"]
[EventDate "2023.03.28"]
[EventType "swiss (blitz)"]
[EventRounds "11"]
[EventCountry "USA"]
[SourceTitle "EXT 2024"]
[Source "ChessBase"]
[SourceDate "2023.10.10"]
[SourceVersion "1"]
[SourceVersionDate "2023.10.10"]
[SourceQuality "1"]

1. e4 d6 2. d4 Nf6 3. f3 c6 4. c4 g6 5. Nc3 Bg7 6. Be3 Nbd7 7. Bd3 b6 8. Nge2 Bb7 9. 0-0 h6 10. Qd2 g5 11. Rac1 e6 12. b4 a5 13. a3 Nf8 14. d5 cxd5 15. cxd5 Ng6 16. Bb5+ Kf8 17. Bc6 Rb8 18. b5 e5 19. Na4 Bc8 20. Nxb6 Rxb6 21. Qxa5 Kg8 22. Bxb6 Qf8 23. Be3 Kh7 24. b6 Qe7 25. Qa7 Bd7 26. Bxd7 Nxd7 27. Rc7 Rd8 28. b7 Ngf8 29. Rc8 1-0

[Event "Titled Tuesday intern op 28th Mar Late"]
[Site "Chess.com INT"]
[Date "2023.03.28"]
[Round "10"]
[White "Sokac, Marko"]
[Black "Flores, Diego"]
[Result "0-1"]
[WhiteElo "2265"]
[BlackElo "2532"]
[PlyCount "102"]
[EventDate "2023.03.28"]
[EventType "swiss (blitz)"]
[EventRounds "11"]
[EventCountry "USA"]
[SourceTitle "EXT 2024"]
[Source "ChessBase"]
[SourceDate "2023.10.10"]
[SourceVersion "1"]
[SourceVersionDate "2023.10.10"]
[SourceQuality "1"]

1. e4 c5 2. a3 e6 3. b4 d5 4. exd5 exd5 5. Nf3 Nf6 6. Bb5+ Nc6 7. 0-0 Bd6 8. bxc5 Bxc5 9. d4 Bd6 10. h3 0-0 11. Re1 Ne4 12. Bd3 Bf5 13. c4 Qf6 14. cxd5 Nxd4 15. Bxe4 Nxf3+ 16. Qxf3 Qxa1 17. Bxf5 Rfe8 18. Rd1 Qe5 19. g3 Rad8 20. Nc3 Bc5 21. Ne4 Bd4 22. Bxh7+ Kf8 23. d6 Bb6 24. Ng5 Qf6 25. Bc2 Qxf3 26. Nxf3 Re2 27. Bg5 f6 28. Rd2 Bxf2+ 29. Kg2 Rxd2 30. Bxd2 Bc5 31. Bf4 Bxa3 32. Nd4 Kg8 33. Ne6 Rd7 34. Ba4 Rxd6 35. Bxd6 Bxd6 36. Nd8 b6 37. Nc6 a5 38. g4 Kf7 39. Kf3 Ke6 40. Ke4 Bc5 41. Nd4+ Bxd4 42. Kxd4 g5 43. Ke4 Kd6 44. Kf5 Kc5 45. Kxf6 b5 46. Bc2 a4 47. Kxg5 a3 48. Bb3 Kb4 49. Ba2 Ka4 50. h4 b4 51. h5 b3 0-1

[Event "Titled Tuesday intern op 28th Mar Late"]
[Site "Chess.com INT"]
[Date "2023.03.28"]
[Round "5"]
[White "Sokac, Marko"]
[Black "Mendes, Aaron Reeve"]
[Result "1-0"]
[WhiteElo "2265"]
[BlackElo "2067"]
[PlyCount "83"]
[EventDate "2023.03.28"]
[EventType "swiss (blitz)"]
[EventRounds "11"]
[EventCountry "USA"]
[SourceTitle "EXT 2024"]
[Source "ChessBase"]
[SourceDate "2023.10.10"]
[SourceVersion "1"]
[SourceVersionDate "2023.10.10"]
[SourceQuality "1"]

1. e4 c5 2. a3 Nc6 3. b4 cxb4 4. axb4 Nxb4 5. d4 d5 6. c3 Nc6 7. exd5 Qxd5 8. Na3 Nf6 9. Nb5 Qd8 10. Bf4 Nd5 11. Qf3 e6 12. Bc4 Nxf4 13. Qxf4 Rb8 14. Nc7+ Ke7 15. Nf3 f6 16. Nb5 a6 17. Na7 Bd7 18. Nxc6+ Bxc6 19. 0-0 Kf7 20. Ng5+ Ke8 21. Nxe6 Qd6 22. Qf5 Bd7 23. Rfe1 Be7 24. Nxg7+ Kd8 25. Ne6+ Bxe6 26. Rxe6 Qc7 27. Rae1 Re8 28. Qd5+ Kc8 29. Bd3 Qxc3 30. Bf5 Kc7 31. Rxe7+ Rxe7 32. Rxe7+ Kb6 33. Re6+ Ka7 34. Qc5+ Qxc5 35. dxc5 Rc8 36. Rxa6+ Kxa6 37. Bxc8 Kb5 38. Bxb7 Kxc5 39. Be4 Kd6 40. Bxh7 Ke7 41. Bf5 Kf8 42. f4 1-0

[Event "Titled Tuesday intern op 21st Mar Early"]
[Site "Chess.com INT"]
[Date "2023.03.21"]
[Round "2"]
[White "Sokac, Marko"]
[Black "Kravtsiv, Martyn"]
[Result "0-1"]
[WhiteElo "2265"]
[BlackElo "2598"]
[PlyCount "70"]
[EventDate "2023.03.21"]
[EventType "swiss (blitz)"]
[EventRounds "11"]
[EventCountry "USA"]
[SourceTitle "EXT 2024"]
[Source "ChessBase"]
[SourceDate "2023.10.10"]
[SourceVersion "1"]
[SourceVersionDate "2023.10.10"]
[SourceQuality "1"]

1. e4 c5 2. a3 d6 3. b4 Nf6 4. Nc3 g6 5. Bb2 Bg7 6. Rb1 0-0 7. Nf3 b6 8. bxc5 dxc5 9. Bc4 Nc6 10. 0-0 Bg4 11. h3 Bxf3 12. Qxf3 Ne5 13. Qe2 Nh5 14. Bd5 Rb8 15. f4 Ng3 16. Qe1 Nxf1 17. fxe5 Nxd2 18. Qxd2 e6 19. Nb5 Qd7 20. c4 exd5 21. exd5 a6 22. Nd6 f6 23. exf6 Bxf6 24. Bxf6 Rxf6 25. Ne4 Rf5 26. Nxc5 Qc8 27. Ne4 Qxc4 28. Re1 Rbf8 29. d6 Rd5 30. Qh6 Qd4+ 31. Kh1 Re5 32. d7 Qxd7 33. Nf6+ Rxf6 34. Rxe5 Qd1+ 35. Kh2 Qd6 0-1

[Event "Titled Tuesday intern op 14th Mar Early"]
[Site "Chess.com INT"]
[Date "2023.03.14"]
[Round "2"]
[White "Mkrtchyan, Mikayel"]
[Black "Sokac, Marko"]
[Result "0-1"]
[WhiteElo "1946"]
[BlackElo "2265"]
[PlyCount "116"]
[EventDate "2023.03.14"]
[EventType "swiss (blitz)"]
[EventRounds "11"]
[EventCountry "USA"]
[SourceTitle "EXT 2024"]
[Source "ChessBase"]
[SourceDate "2023.10.10"]
[SourceVersion "1"]
[SourceVersionDate "2023.10.10"]
[SourceQuality "1"]

1. e4 d6 2. d4 Nf6 3. Nc3 c6 4. Nf3 Bg4 5. Be2 e6 6. 0-0 Be7 7. a4 d5 8. exd5 cxd5 9. h3 Bxf3 10. Bxf3 Nc6 11. Ne2 0-0 12. Be3 Rc8 13. c3 Bd6 14. Bf4 Bxf4 15. Nxf4 Qd6 16. Nd3 Nd7 17. Re1 Rfe8 18. g3 f6 19. Nf4 Nf8 20. Kg2 Rcd8 21. Qd2 Ne7 22. Re2 e5 23. dxe5 fxe5 24. Nxd5 Nxd5 25. Rd1 e4 26. Bxe4 Rxe4 27. Rxe4 Ne3+ 28. Qxe3 Qxd1 29. Re7 Rd7 30. Rxd7 Qxd7 31. Qxa7 Ne6 32. Qb8+ Kf7 33. Qe5 Qxa4 34. Qf5+ Ke7 35. Qxh7 Qc6+ 36. Kh2 Qf3 37. Kg1 Qd1+ 38. Kh2 Qd2 39. Qh4+ Kd7 40. Qa4+ Ke7 41. Qb4+ Kf6 42. Kg1 Qd1+ 43. Kh2 Qd5 44. h4 Qf3 45. Kg1 Qd1+ 46. Kh2 Qd5 47. c4 Qf3 48. Kg1 Ke5 49. Qb5+ Kd4 50. Qd7+ Ke5 51. Qb5+ Kf6 52. c5 Qd1+ 53. Kh2 Qd5 54. Qb4 Nd4 55. Qb6+ Kf5 56. Qc7 Nf3+ 57. Kh3 Ng5+ 58. hxg5 Qh1# 0-1

[Event "Titled Tuesday intern op 14th Mar Early"]
[Site "Chess.com INT"]
[Date "2023.03.14"]
[Round "7"]
[White "Seo, Jung Min"]
[Black "Sokac, Marko"]
[Result "0-1"]
[WhiteElo "2499"]
[BlackElo "2265"]
[PlyCount "142"]
[EventDate "2023.03.14"]
[EventType "swiss (blitz)"]
[EventRounds "11"]
[EventCountry "USA"]
[SourceTitle "EXT 2024"]
[Source "ChessBase"]
[SourceDate "2023.10.10"]
[SourceVersion "1"]
[SourceVersionDate "2023.10.10"]
[SourceQuality "1"]

1. d4 Nf6 2. c4 e5 3. dxe5 Ng4 4. Nf3 Bc5 5. e3 Nc6 6. Nc3 0-0 7. Be2 Re8 8. 0-0 Ncxe5 9. Nxe5 Nxe5 10. b3 a5 11. Ne4 Bf8 12. Bb2 Ra6 13. c5 Rh6 14. f4 Nc6 15. Bf3 Qh4 16. h3 d6 17. cxd6 Bxd6 18. Nxd6 Rxd6 19. Qe1 Qxe1 20. Raxe1 Rd2 21. Rf2 Rxf2 22. Kxf2 Nb4 23. Rd1 Nxa2 24. Be5 c6 25. Ra1 Nb4 26. Bc3 Nd3+ 27. Kf1 b6 28. Bxc6 Rxe3 29. Bd4 Re6 30. Bf3 Nxf4 31. b4 axb4 32. Ra8 Re8 33. Bc6 Rf8 34. Be5 Ne6 35. Bd6 Bd7 36. Rxf8+ Nxf8 37. Bxf8 Bxc6 38. Bxb4 f5 39. g3 Kf7 40. Kf2 Ke6 41. Ke3 g5 42. h4 h6 43. hxg5 hxg5 44. Bc3 Be4 45. Kd4 b5 46. Bd2 Kf6 47. Ke3 Ke5 48. Bc3+ Ke6 49. Kd4 Bg2 50. Bd2 Kf6 51. Bc3 Kg6 52. Ke3 Kh5 53. Bb4 Kg4 54. Bd6 b4 55. Kf2 b3 56. Be5 Be4 57. Ke3 Bc2 58. Kf2 Be4 59. Bf6 Bd5 60. Be5 f4 61. gxf4 gxf4 62. Bb2 f3 63. Bd4 Kf5 64. Ke3 Ke6 65. Bb2 Kd6 66. Bd4 Kc6 67. Kd2 Kb5 68. Kc3 Ka4 69. Kb2 Kb4 70. Bf2 Kc4 71. Bb6 Kd3 0-1

[Event "Titled Tuesday intern op 14th Mar Early"]
[Site "Chess.com INT"]
[Date "2023.03.14"]
[Round "4"]
[White "Sokac, Marko"]
[Black "Simonian, Hrair"]
[Result "0-1"]
[WhiteElo "2265"]
[BlackElo "2431"]
[PlyCount "104"]
[EventDate "2023.03.14"]
[EventType "swiss (blitz)"]
[EventRounds "11"]
[EventCountry "USA"]
[SourceTitle "EXT 2024"]
[Source "ChessBase"]
[SourceDate "2023.10.10"]
[SourceVersion "1"]
[SourceVersionDate "2023.10.10"]
[SourceQuality "1"]

1. e4 c5 2. a3 d6 3. b4 Nf6 4. Nc3 g6 5. h4 Bg7 6. h5 Nxh5 7. Rxh5 gxh5 8. Qxh5 cxb4 9. axb4 Nc6 10. Bc4 Ne5 11. Bb3 Ng6 12. Nf3 e6 13. Bb2 Bd7 14. d4 Qe7 15. Na4 0-0-0 16. Qa5 Bxa4 17. Rxa4 b6 18. Qxa7 Qxa7 19. Rxa7 Rd7 20. Ra6 Kb7 21. Ra1 Rc7 22. c4 Nf4 23. Kd2 Nxg2 24. Rg1 Bh6+ 25. Kc2 Nf4 26. Bc1 f6 27. Rh1 Bg5 28. Nxg5 fxg5 29. Rh6 Re7 30. Be3 Rf8 31. c5 bxc5 32. bxc5 dxc5 33. dxc5 Kc6 34. Ba4+ Kc7 35. Bd4 e5 36. Bc3 Ne2 37. Rc6+ Kb7 38. Rb6+ Ka7 39. Bd2 Nd4+ 40. Kd3 Rxf2 41. Bxg5 Rc7 42. Rh6 Rxc5 43. Rxh7+ Kb6 44. Bd8+ Ka6 45. Rh6+ Kb7 46. Bb6 Rf3+ 47. Kd2 Rcc3 48. Bxd4 exd4 49. Re6 Rf2+ 50. Kd1 Ra3 51. Bc6+ Kc7 52. Ke1 Rc2 0-1

[Event "Titled Tuesday intern op 7th Mar Early"]
[Site "Chess.com INT"]
[Date "2023.03.07"]
[Round "4"]
[White "Rozman, Levy"]
[Black "Sokac, Marko"]
[Result "0-1"]
[WhiteElo "2322"]
[BlackElo "2265"]
[PlyCount "76"]
[EventDate "2023.03.07"]
[EventType "swiss (blitz)"]
[EventRounds "11"]
[EventCountry "USA"]
[SourceTitle "EXT 2024"]
[Source "ChessBase"]
[SourceDate "2023.10.10"]
[SourceVersion "1"]
[SourceVersionDate "2023.10.10"]
[SourceQuality "1"]

1. e4 d6 2. d4 Nf6 3. Nc3 c6 4. h3 Nbd7 5. g4 h6 6. Bg2 e5 7. Nge2 b5 8. Ng3 b4 9. Nce2 g6 10. 0-0 Ba6 11. f4 Be7 12. Be3 Qc7 13. Rf2 c5 14. d5 h5 15. g5 exf4 16. Bxf4 Nh7 17. h4 f6 18. Qd2 fxg5 19. Bxg5 Nxg5 20. hxg5 h4 21. Nf1 h3 22. Bf3 Ne5 23. Nh2 Qd8 24. Kh1 Bxg5 25. Qd1 Be3 26. Rf1 Qh4 27. c4 0-0 28. b3 Nxf3 29. Nxf3 Qxe4 30. Ng3 Qg4 31. Kh2 Bf4 32. Rg1 Rae8 33. Qc2 Kh7 34. Raf1 Re3 35. Qd1 Bc8 36. Kh1 Bxg3 37. Ng5+ Qxg5 38. Rxf8 Bf5 0-1

[Event "Titled Tuesday intern op 7th Mar Early"]
[Site "Chess.com INT"]
[Date "2023.03.07"]
[Round "3"]
[White "Sokac, Marko"]
[Black "Bashirli, Saadat"]
[Result "1-0"]
[WhiteElo "2265"]
[BlackElo "1597"]
[PlyCount "49"]
[EventDate "2023.03.07"]
[EventType "swiss (blitz)"]
[EventRounds "11"]
[EventCountry "USA"]
[SourceTitle "EXT 2024"]
[Source "ChessBase"]
[SourceDate "2023.10.10"]
[SourceVersion "1"]
[SourceVersionDate "2023.10.10"]
[SourceQuality "1"]

1. e4 c5 2. a3 g6 3. h4 h5 4. Nf3 Bg7 5. d4 cxd4 6. Nxd4 Nc6 7. Be3 Nf6 8. Nc3 Ng4 9. Nxc6 bxc6 10. Bd4 0-0 11. Bxg7 Kxg7 12. Be2 d6 13. f3 Ne5 14. Qd2 Be6 15. f4 Ng4 16. f5 Bd7 17. Bxg4 hxg4 18. h5 Rh8 19. Qg5 e6 20. f6+ Kg8 21. 0-0-0 d5 22. hxg6 Rxh1 23. gxf7+ Kxf7 24. Qg7+ Ke8 25. Qg8# 1-0

[Event "Titled Tuesday intern op 7th Mar Early"]
[Site "Chess.com INT"]
[Date "2023.03.07"]
[Round "8"]
[White "Sokac, Marko"]
[Black "Postlmayer, Jakob"]
[Result "0-1"]
[WhiteElo "2265"]
[BlackElo "2323"]
[PlyCount "88"]
[EventDate "2023.03.07"]
[EventType "swiss (blitz)"]
[EventRounds "11"]
[EventCountry "USA"]
[SourceTitle "EXT 2024"]
[Source "ChessBase"]
[SourceDate "2023.10.10"]
[SourceVersion "1"]
[SourceVersionDate "2023.10.10"]
[SourceQuality "1"]

1. e4 c5 2. a3 g6 3. h4 Nc6 4. h5 Bg7 5. Bc4 e6 6. Nc3 a6 7. d3 b5 8. Ba2 Bb7 9. Nf3 Qc7 10. Be3 Nd4 11. Bxd4 cxd4 12. Ne2 e5 13. c3 dxc3 14. Nxc3 Ne7 15. Qd2 h6 16. hxg6 fxg6 17. Rc1 Qd6 18. Qe3 Rc8 19. 0-0 h5 20. Rfd1 Bh6 21. Qa7 Bxc1 22. Rxc1 Qb8 23. Qe3 Rf8 24. Qg5 Rxf3 25. gxf3 Qd6 26. Rd1 Rc5 27. Qh6 Kd8 28. Qf8+ Kc7 29. f4 exf4 30. d4 Rg5+ 31. Kf1 Nc8 32. Qh6 Rg4 33. e5 Qe7 34. Bd5 Nb6 35. Bxb7 Kxb7 36. Ne4 f3 37. Nd6+ Ka7 38. Qe3 Qg5 39. Qxf3 Nd5 40. Qxd5 Rg1+ 41. Ke2 Qg4+ 42. Kd2 Qxd1+ 43. Ke3 Re1+ 44. Kf4 Qg4# 0-1

[Event "Titled Tuesday intern op 7th Mar Early"]
[Site "Chess.com INT"]
[Date "2023.03.07"]
[Round "5"]
[White "Sokac, Marko"]
[Black "Wagner, Dennis"]
[Result "0-1"]
[WhiteElo "2265"]
[BlackElo "2586"]
[PlyCount "62"]
[EventDate "2023.03.07"]
[EventType "swiss (blitz)"]
[EventRounds "11"]
[EventCountry "USA"]
[SourceTitle "EXT 2024"]
[Source "ChessBase"]
[SourceDate "2023.10.10"]
[SourceVersion "1"]
[SourceVersionDate "2023.10.10"]
[SourceQuality "1"]

1. e4 c5 2. a3 g6 3. h4 h6 4. h5 g5 5. d4 cxd4 6. Qxd4 Nf6 7. Nc3 Nc6 8. Qd1 d6 9. Nf3 Bg4 10. Nd5 Nxe4 11. Bd3 Nc5 12. Be3 Nxd3+ 13. Qxd3 e6 14. Bd4 Nxd4 15. Qxd4 Qa5+ 16. Nc3 Bxf3 17. Qxh8 Bxg2 18. Rg1 Bf3 19. Rg3 Bxh5 20. Qd4 0-0-0 21. b4 Qa6 22. b5 Qa5 23. Kf1 d5 24. Ne2 Qxb5 25. Rd3 Bc5 26. Qf6 Rd7 27. Qh8+ Kc7 28. Qxh6 Bxe2+ 29. Kxe2 e5 30. Kd2 e4 31. Rg3 Bxf2 0-1

[Event "Titled Tuesday intern op 28th Feb Early"]
[Site "Chess.com INT"]
[Date "2023.02.28"]
[Round "2"]
[White "Buscar, Michael"]
[Black "Sokac, Marko"]
[Result "1-0"]
[WhiteElo "2041"]
[BlackElo "2265"]
[PlyCount "137"]
[EventDate "2023.02.28"]
[EventType "swiss (blitz)"]
[EventRounds "11"]
[EventCountry "USA"]
[SourceTitle "CBM 213 Extra"]
[Source "ChessBase"]
[SourceDate "2023.05.31"]
[SourceVersion "1"]
[SourceVersionDate "2023.05.31"]
[SourceQuality "1"]

1. d4 Nf6 2. c4 e5 3. dxe5 Ng4 4. Nf3 Bc5 5. e3 Nc6 6. Be2 0-0 7. 0-0 Re8 8. a3 a5 9. b3 Ncxe5 10. Bb2 Ra6 11. Nbd2 Rh6 12. h3 Nxf3+ 13. Nxf3 Nf6 14. Qe1 Ne4 15. Qxa5 d6 16. Rad1 Ng5 17. Qc3 Nxf3+ 18. Bxf3 Qg5 19. Rd5 Qg6 20. Kh2 Bd7 21. b4 Ba7 22. Rd2 c6 23. Rxd6 Bb8 24. c5 Bxd6+ 25. cxd6 Qxd6+ 26. Kh1 Qg6 27. Kh2 Qd6+ 28. Kh1 Qf6 29. Qxf6 gxf6 30. Rd1 Be6 31. b5 cxb5 32. Bxb7 Rb8 33. Bc6 Bc4 34. Rd6 Kg7 35. Bc3 Rc8 36. Kh2 Rg6 37. g4 h6 38. Kg3 h5 39. f4 hxg4 40. hxg4 Rh8 41. Bd4 Rgh6 42. Kf3 Rh3+ 43. Ke4 Re8+ 44. Kf5 Bd3+ 45. e4 Re6 46. Rxe6 fxe6+ 47. Kxe6 Rh6 48. g5 Rh4 49. gxf6+ Kg6 50. Be8+ Kh7 51. f7 Bc4+ 52. Ke7 Bxf7 53. Bxf7 Rxf4 54. Bd5 Kg6 55. Kd6 Rf1 56. Kc5 Rb1 57. Bc3 Kg5 58. Bb4 Kf4 59. Kxb5 Ke5 60. a4 Kd4 61. a5 Ra1 62. a6 Ke5 63. Kb6 Rb1 64. Kc5 Rc1+ 65. Kb5 Ra1 66. Kc6 Rxa6+ 67. Kc5 Ra1 68. Bc3+ Kf4 69. Bxa1 1-0

[Event "Titled Tuesday intern op 28th Feb Late"]
[Site "Chess.com INT"]
[Date "2023.02.28"]
[Round "1"]
[White "Livaic, Leon"]
[Black "Sokac, Marko"]
[Result "1-0"]
[WhiteElo "2571"]
[BlackElo "2265"]
[PlyCount "87"]
[EventDate "2023.02.28"]
[EventType "swiss (blitz)"]
[EventRounds "11"]
[EventCountry "USA"]
[SourceTitle "CBM 213 Extra"]
[Source "ChessBase"]
[SourceDate "2023.05.31"]
[SourceVersion "1"]
[SourceVersionDate "2023.05.31"]
[SourceQuality "1"]

1. Nf3 e6 2. g3 g5 3. h3 Bg7 4. Bg2 h6 5. d4 Ne7 6. e4 d6 7. c4 Nd7 8. Nc3 Ng6 9. Qc2 b6 10. Be3 Bb7 11. 0-0-0 Qe7 12. Kb1 0-0-0 13. Rhe1 Kb8 14. a3 Rhe8 15. Ng1 Qf8 16. f4 gxf4 17. gxf4 Nh4 18. Bf1 f5 19. e5 dxe5 20. fxe5 Nf3 21. Nxf3 Bxf3 22. Bg2 Bxd1 23. Qxd1 Nxe5 24. Qa4 f4 25. dxe5 f3 26. Bh1 Bxe5 27. Qc6 Rd6 28. Qxf3 Qxf3 29. Bxf3 Bxc3 30. bxc3 Rd3 31. Kc2 Red8 32. Be4 R3d6 33. Bxh6 Rh8 34. Bf4 Rd7 35. Rh1 Rf7 36. Bg5 Rf2+ 37. Kb3 Re2 38. Bc2 Rg2 39. Bf6 Rh6 40. Be5 Rh5 41. Bd4 a5 42. a4 e5 43. Be3 Rg3 44. Re1 1-0

[Event "Titled Tuesday intern op 28th Feb Early"]
[Site "Chess.com INT"]
[Date "2023.02.28"]
[Round "6"]
[White "Ruiz Aguilar, Pablo Alexander"]
[Black "Sokac, Marko"]
[Result "0-1"]
[WhiteElo "2161"]
[BlackElo "2265"]
[PlyCount "84"]
[EventDate "2023.02.28"]
[EventType "swiss (blitz)"]
[EventRounds "11"]
[EventCountry "USA"]
[SourceTitle "CBM 213 Extra"]
[Source "ChessBase"]
[SourceDate "2023.05.31"]
[SourceVersion "1"]
[SourceVersionDate "2023.05.31"]
[SourceQuality "1"]

1. e4 d6 2. Nf3 Nf6 3. d4 c6 4. Nc3 Bg4 5. h3 Bh5 6. Bc4 e6 7. Bb3 d5 8. e5 Nfd7 9. 0-0 c5 10. g4 Bg6 11. Be3 cxd4 12. Bxd4 Nc6 13. Re1 Be7 14. Ne2 h5 15. Nf4 hxg4 16. hxg4 Be4 17. c3 Ndxe5 18. Rxe4 Nxf3+ 19. Qxf3 dxe4 20. Qxe4 Nxd4 21. cxd4 Qb6 22. Ba4+ Kf8 23. Bb3 Rd8 24. d5 exd5 25. Nxd5 Qd6 26. Qxe7+ Qxe7 27. Nxe7 Kxe7 28. Re1+ Kf6 29. Re4 Rd7 30. Rf4+ Kg6 31. Bc2+ Kg5 32. Rb4 b6 33. Kg2 Rd2 34. Bf5 g6 35. Be4 f5 36. gxf5 gxf5 37. Bf3 Rc8 38. b3 Rcc2 39. Kg3 Rxf2 40. a4 a5 41. Rd4 Rfd2 42. Rf4 Rc3 0-1

[Event "Titled Tuesday intern op 28th Feb Early"]
[Site "Chess.com INT"]
[Date "2023.02.28"]
[Round "1"]
[White "Sokac, Marko"]
[Black "Babazada, Khazar Araz"]
[Result "0-1"]
[WhiteElo "2265"]
[BlackElo "2481"]
[PlyCount "82"]
[EventDate "2023.02.28"]
[EventType "swiss (blitz)"]
[EventRounds "11"]
[EventCountry "USA"]
[SourceTitle "CBM 213 Extra"]
[Source "ChessBase"]
[SourceDate "2023.05.31"]
[SourceVersion "1"]
[SourceVersionDate "2023.05.31"]
[SourceQuality "1"]

1. e4 Nf6 2. Nc3 d5 3. e5 Nfd7 4. d4 e6 5. f4 c5 6. Nf3 Nc6 7. dxc5 a6 8. Bd3 Bxc5 9. a3 b5 10. Bd2 Bb7 11. Qe2 Nd4 12. Nxd4 Bxd4 13. Nd1 Bb6 14. c3 Qc7 15. Ne3 Nc5 16. Bc2 Ne4 17. Bxe4 dxe4 18. 0-0 Rd8 19. Rad1 0-0 20. Kh1 Rd3 21. Nc2 Rfd8 22. Nb4 R3d7 23. Bc1 a5 24. Nc2 Rd3 25. Be3 Bxe3 26. Nxe3 Qd7 27. Qg4 Qe7 28. f5 Rxd1 29. Rxd1 Rxd1+ 30. Qxd1 h6 31. Qd6 Qg5 32. Qb8+ Kh7 33. Qxb7 Qxe3 34. h3 Qc1+ 35. Kh2 Qf4+ 36. Kh1 e3 37. Qxb5 Qxf5 38. g4 Qf3+ 39. Kh2 Qf2+ 40. Kh1 e2 41. Qd3+ g6 0-1

[Event "Titled Tuesday intern op 28th Feb Early"]
[Site "Chess.com INT"]
[Date "2023.02.28"]
[Round "8"]
[White "Sokac, Marko"]
[Black "Domingo Nunez, Ruben"]
[Result "0-1"]
[WhiteElo "2265"]
[BlackElo "2376"]
[PlyCount "80"]
[EventDate "2023.02.28"]
[EventType "swiss (blitz)"]
[EventRounds "11"]
[EventCountry "USA"]
[SourceTitle "CBM 213 Extra"]
[Source "ChessBase"]
[SourceDate "2023.05.31"]
[SourceVersion "1"]
[SourceVersionDate "2023.05.31"]
[SourceQuality "1"]

1. e4 g6 2. h4 Bg7 3. h5 d5 4. exd5 Qxd5 5. Nc3 Qe5+ 6. Nge2 Nc6 7. d4 Nxd4 8. Qxd4 Qxd4 9. Nxd4 Bxd4 10. Nb5 Be5 11. hxg6 fxg6 12. Bc4 a6 13. Nc3 Nf6 14. Bd2 Bf5 15. 0-0-0 b5 16. Bb3 c5 17. Bd5 Rd8 18. Bb7 Rd6 19. Be3 Bd4 20. Ne2 Bxe3+ 21. fxe3 Rb6 22. Bf3 Kf7 23. Ng3 Be6 24. e4 Nd7 25. Ne2 Ne5 26. Nf4 Rd6 27. Rdf1 Kg7 28. Be2 Rf8 29. Nxe6+ Rxe6 30. Rxh7+ Kxh7 31. Rxf8 Nd7 32. Rf4 g5 33. Bg4 gxf4 34. Bxe6 Nf6 35. Bf5+ Kh6 36. Kd2 Kg5 37. Kd3 Kh4 38. Bh3 Ng4 39. Ke2 Ne5 40. b3 Kg3 0-1